Psychiatrie de liaison (notice n° 2181855)

détails MARC
000 -LEADER
fixed length control field 02707cam a2200181 4500500
005 - DATE AND TIME OF LATEST TRANSACTION
control field 20260405051956.0
041 ## - LANGUAGE CODE
Language code of text/sound track or separate title fre
042 ## - AUTHENTICATION CODE
Authentication code dc
100 10 - MAIN ENTRY--PERSONAL NAME
Personal name Lemogne, Cédric
Relator term author
245 00 - TITLE STATEMENT
Title Psychiatrie de liaison
260 ## - PUBLICATION, DISTRIBUTION, ETC.
Name of publisher, distributor, etc. Lavoisier,<br/>
Date of publication, distribution, etc. 2018.<br/>
520 ## - SUMMARY, ETC.
Summary, etc. Le développement de la psychiatrie de liaison, de plus en plus reconnue comme une discipline à part entière, répond à la nécessité de prendre en charge les troubles psychiques des patients hospitalisés ou consultant à l’hôpital général, que ces troubles soient secondaires à la pathologie somatique, intriqués à celle-ci ou qu’ils en constituent un facteur favorisant ou précipitant.L’exercice de la psychiatrie de liaison, pionnière dans la promotion d’une médecine transversale et interdisciplinaire centrée sur le patient comprend non seulement une activité de consultation auprès du patient et de son entourage, mais également l’accompagnement et la formation des équipes médico-chirurgicales, visant à créer les conditions d’une prise en charge optimale aussi bien psychique que somatique.Fruit de l’expérience clinique et de la réflexion théorique d’auteurs francophones de plusieurs nationalités sur le rôle de la psychiatrie de liaison, l’ouvrage traite de l’ensemble des problématiques de façon complète et pragmatique :la définition de la discipline qu’est la psychiatrie de liaison ;les champs théoriques et cliniques connexes ;la consultation de psychiatrie de liaison (pourquoi, comment, avec quels interlocuteurs) ;les consultations spécifiques (avant un décision de traitement, avec d’autres équipes) ; les grands motifs d’avis psychiatriques (patient déprimé, agité, n’adhérant pas aux soins, etc.), avec un chapitre résumant la conduite à tenir pour chaque motif par des arbres de décision ; le travail avec les unités de soins somatiques spécifiques (cardiologie, cancérologie, etc.) ;la thérapeutique, médicamenteuse ou fondée sur les psychothérapies ;s situations particulières, enfin, auxquelles le psychiatre de liaison peut être confronté (fin de vie, particularités culturelles, etc.).Soucieux d’allier rigueur scientifique et pédagogie, l’ouvrage s’organise du plus général au plus spécifique, de la théorie à la pratique, pour apporter au lecteur des éléments utiles à sa pratique quotidienne et à sa réflexion sur celle-ci.
700 10 - ADDED ENTRY--PERSONAL NAME
Personal name Cole, Pierre
Relator term author
700 10 - ADDED ENTRY--PERSONAL NAME
Personal name Consoli, Silla M.
Relator term author
700 10 - ADDED ENTRY--PERSONAL NAME
Personal name Consoli, Silla
Relator term author
700 10 - ADDED ENTRY--PERSONAL NAME
Personal name Limosin, Frédéric
Relator term author
856 41 - ELECTRONIC LOCATION AND ACCESS
Uniform Resource Identifier <a href="https://stm.cairn.info/psychiatrie-de-liaison--9782257206923?lang=fr&redirect-ssocas=7080">https://stm.cairn.info/psychiatrie-de-liaison--9782257206923?lang=fr&redirect-ssocas=7080</a>

Pas d'exemplaire disponible.

PLUDOC

PLUDOC est la plateforme unique et centralisée de gestion des bibliothèques physiques et numériques de Guinée administré par le CEDUST. Elle est la plus grande base de données de ressources documentaires pour les Étudiants, Enseignants chercheurs et Chercheurs de Guinée.

Adresse

627 919 101/664 919 101

25 boulevard du commerce
Kaloum, Conakry, Guinée

Réseaux sociaux

Powered by Netsen Group @ 2025